Normal view
MARC view
- Jefferson Brian
Entry Personal Name
001 - CONTROL NUMBER
- control field: 54976
003 - CONTROL NUMBER IDENTIFIER
- control field: NUST
005 - DATE AND TIME OF LATEST TRANSACTION
- control field: 20210421120117.0
008 - FIXED-LENGTH DATA ELEMENTS
- fixed length control field: 210421|| aca||aabn | a|a d
040 ## - CATALOGING SOURCE
- Original cataloging agency: NUST
- Transcribing agency: NUST
100 ## - HEADING--PERSONAL NAME
- Personal name: Jefferson Brian
670 ## - SOURCE DATA FOUND
- Source citation: Work cat.: (NUST): Jefferson Brian, Advanced Maths For AQA Mechanics, 2011oxford
